LEADER 01166nam a2200241 i 4500 001 000000013109 003 CaOOAMICUS 005 20251201103157.0 008 180830s1989 it u000 u ita u 040 $aSeMil$bita 100 1 $aGoethe, Johann Wolfgang,$d<1749-1832>.$0(OLS)http://semarc/name/5617 245 10$aTutte le poesie /$cJ. W. Goethe ; edizione diretta da Roberto Fertonani con la collaborazione di Enrico Ganni ; prefazione di Roberto Fertonani. 264 1$aMilano :$bArnoldo Mondadori Editore,$c1989. 300 $a2 v. ;$c18 cm. 490 1 $aI Meridiani 700 1 $aGanni, Enrico,$d<1950-2020>.$0(OLS)http://semarc/name/6249 700 1 $aFertonani, Roberto,$d<1926-2000>.$0(OLS)http://semarc/name/6248 774 0 $aGoethe, Johann Wolfgang <1749-1832>$tVolume 1. Tomo 1.$kMeridiani$w()135768 774 0 $aGoethe, Johann Wolfgang <1749-1832>$tVolume 1. Tomo 2.$kMeridiani$z88-04-33338-3$w()135772 830 2$aI Meridiani.$0(OLS)http://semarc/title/6832 996 $6245$aTutte le poesie$9(OLS)http://semarc/title/2811 996 $6264$aMilano :$bArnoldo Mondadori Editore$9(OLS)http://semarc/publisher/30056 LEADER 01164nam a2200253 i 4500 001 000000204081 003 CaOOAMICUS 005 20181022161302.0 008 110718s1966 it u000 u ita u 013 $a182798 040 $aSeMil$bita 245 12$aL'anticlericalismo nel Risorgimento (1830-1870) /$cAntologia a cura di Gabriele Pepe e Mario Themelly. 260 $aManduria :$bLacaita,$ccopyr. 1966. 300 $aCLI, 284 p., [4] p. di tav. :$bill. ;$c22 cm. 490 0 $aBiblioteca di protesta laica. Nuova serie [Lacaita] ;$v3 650 4$aAnticlericalismo - Italia - 1830-1870.$0(OLS)http://semarc/subject/38443 700 1 $aThemelly, Mario.$0(OLS)http://semarc/name/73634 700 1 $aPepe, Gabriele <1899-1971>.$0(OLS)http://semarc/name/18160 830 0$aBiblioteca di protesta laica. Nuova serie ;$v3.$0(OLS)http://semarc/title/401873 850 $aSeMil 852 $aSeMil$W1$xVenegono$y1$m3U II 330$j154575$B154575$CSeMilBibl$Z2$F165403 $81 996 $6245$aL'anticlericalismo nel Risorgimento (1830-1870)$9(OLS)http://semarc/title/295710 996 $6260$aManduria :$bLacaita$9(OLS)http://semarc/publisher/31761